Statistics for Airline Tails Quiz - 1

Click here to take the quiz!

General Stats

  • This quiz has been taken 183 times
  • The average score is 13 of 16

Answer Stats

Answer% Correct
British Airways
96%
Emirates
94%
Lufthansa
93%
Air France
91%
Delta Air Lines
89%
United Airlines
87%
Qatar Airways
85%
Aeroflot
84%
Air New Zealand
84%
Aeroméxico
82%
Alitalia
82%
Etihad Airways
80%
China Southern Airlines
76%
Asiana Airlines
74%
China Airlines
73%
Iran Air
60%

Score Distribution

Percentile by Number Answered

Percent of People with Each Score

Your Score History

You have not taken this quiz